Propuesta de un plan estratégico para la producción de caracol del tipo Hélix del tipo Aspersa en la ciudad de Jinotega para el primer semestre del año 2012

Presenta plan estratégico para la producción de caracol del tipo Hélix del tipo Aspersa en la ciudad de Jinotega, la estructuración del plan se inició con la realización de un diagnostico externo del mercado internacional, España, Francia e Italia, oferta y demanda, tipo de mercado, se da una...

Full description

Bibliographic Details
Main Authors: Carrillo Gutiérrez, Efraín Santiago, Obando Delgadillo, Alan Francisco, Sandino Díaz, Vladimir José
Other Authors: Tutor: Torres Mercado, Ronald
Format: Tesis Section = Libro
Language:Undetermined
Spanish
Published: Managua UNI 2012
Subjects:
LEADER 01474nam a2200277Ia 4500
008 240830s9999 xx 000 0 und d
040 |a BIBLIOTECA-RUPAP T.Mon 639.4838 C317 
041 |a spa 
082 |a T.Mon 639.4838 C317 
100 1 |a Carrillo Gutiérrez, Efraín Santiago 
100 1 |b  Obando Delgadillo, Alan Francisco 
100 1 |c  Sandino Díaz, Vladimir José 
245 1 0 |a Propuesta de un plan estratégico para la producción de caracol del tipo Hélix del tipo Aspersa en la ciudad de Jinotega para el primer semestre del año 2012 
260 |a Managua  |b UNI  |c 2012 
300 |a 59 p. :il. 
500 |a Contiene: anexos e Incluye: CD. 
502 |a Tesis (Ingeniero de Sistemas)- UNI, 2012. 
520 3 |a Presenta plan estratégico para la producción de caracol del tipo Hélix del tipo Aspersa en la ciudad de Jinotega, la estructuración del plan se inició con la realización de un diagnostico externo del mercado internacional, España, Francia e Italia, oferta y demanda, tipo de mercado, se da una detallada definición del producto, cálculos y proyecciones de la demanda, cálculo de la demanda potencial, análisis de precios, exigencias aduaneras y de comercialización. 
650 7 |a CULTIVO Y COCECHA DE CARACOLES 
650 7 |b PROCESO PRODUCTIVO 
650 7 |c ANALISIS DE OFERTA Y DEMANDA 
650 7 |d COMERCIALIZACION 
700 1 |a Tutor:  |b Torres Mercado, Ronald 
942 |c BK  |2 ddc 
991 |a TESIS 
999 |c 18476